The Mathematical Olympiad handbook : an introduction to problem solving based on the first 32 British mathematical olympiads 1965-1996

Αποθηκεύτηκε σε:
Λεπτομέρειες βιβλιογραφικής εγγραφής
Κύριος συγγραφέας: Gardiner, A. (Anthony), 1947-
Μορφή: Βιβλίο
Γλώσσα:English
Δημοσίευση: Oxford ; New York : Oxford University Press, 1997
Σειρά:Oxford science publications
Θέματα:
Ετικέτες: Προσθήκη ετικέτας
Δεν υπάρχουν, Καταχωρήστε ετικέτα πρώτοι!

MARC

LEADER 00000cam a2200000 i 4500
001 1/49857
008 070731s1997 eng d
020 |a 0-19-850105-6 
035 |l 10089301 
040 |a GR-MY-UA  |b gre  |e aacr 
041 0 |a eng 
082 0 |a 510.76  |2 (21) 
100 1 |a Gardiner, A.   |q (Anthony),   |d 1947- 
245 1 4 |a The Mathematical Olympiad handbook :  |b an introduction to problem solving based on the first 32 British mathematical olympiads 1965-1996 /  |c A. Gardiner 
260 |a Oxford ; New York :   |b Oxford University Press,   |c 1997 
300 |a xii, 229 σ.;  |b εικ.;  |c 24 εκ. 
490 1 |a Oxford science publications 
504 |a Περιλαμβάνει βιβλιογραφικές παραπομπές 
611 2 0 |a British Mathematical Olympiad. 
650 0 0 |a Mathematics  |x Problems, exercises, etc. 
830 0 |a Oxford science publications 
852 |a INST  |b SAMOS  |e 20070731  |h 510.76 GAR  |p 005300025602  |q 005300025602  |t BK  |y 0 
901 |a BIBL3-2007-2 
922 |a 3ΕΛΗ  |b 200707  |c ΕΠΕΑΕΚ2/ΤΜΗΜΑ ΜΑΘΗΜΑΤΙΚΩΝ  |d ΠΑΠΑΣΩΤΗΡΙΟΥ 
970 |a ΣΙΤΖΙΜΗ  |b ΓΙΑΣΕΜΗ  |z 2007/07/31